1072 1048 1664 1819 1584 1884 1310 1476 1831 1146 1342 1435 1175 1263 1781 1594 1946 1844 1675 1157 1647 1914 1707 1746 1111 1392 1243 1342 1614 1764 1592 1247 2000 1146 1753 1934 1344 1357 1236 1588 1995 1802 1806 1657 1750 1816 1779 1880 1154 1453 1328 1308 1233 1723 1768 1818 1290 1001 1765 1516 1079 1857 1394 1637 1762 1456 1476 1763 1429 1179 1797 1961 1617 1182 1620 1896 1030 1557 1488 1974 1284 1341 1192 1469 1590 1819 1645 1473 1740 1643 1354 1059 1290 1809 1811 1029 1211 1855 1474 BCNSPRNW ULIB Ver.6.0+V

เปลี่ยนเป็นภาษาไทย

Change to English
 แสดงรายละเอียดบรรณานุกรม
  กลับหน้าหลัก

Brief Record : Get Marc (ISO 2709) : E-mail record : QR code < ปิดหน้าต่าง
LEADER : 00000nam 2200000uu 4500
001    13399111689
003     ULIB
008    110701s2549||||th 000 0 tha d
020    9749494210
050  4 PE1131^bก712ท 2549
100 1  กุณฑีรา กวักเพฑูรย์ คุโนลด์
245 10 เทคนิคการจดจำ การแปลคำศัพท์ อังกฤษ-ไทย /^cกุณฑีรา กวักเพฑูรย์ คุโนลด์
250    พิมพ์ครั้งที่ 1
260    กรุงเทพฯ :^bเอ็ดดูเคชั่น ไมน์ด ไลน์ มัลติมีเดีย,^c2549
300    199 หน้า :^bภาพประกอบ
650  7 ภาษาอังกฤษ^xการใช้ภาษา
650  7 การจำ^xคำศัพท์ภาษาอังกฤษ
650  7 คำศัพท์^xภาษาอังกฤษ
945    ^p155^l0^i020287
945    ^p155^l0^i020754
995    ทศพร
999 ^a ใช้งานได้ทุกระบบ
รายการนี้ยังไม่มีแท็ก
คุณยังไม่ได้ล็อกอิน คุณสามารถมีกิจกรรมร่วมกับเว็บไซต์ได้ แต่ต้องล็อกอินก่อน ::
  ล็อกอิน

รายการสื่อสารสนเทศ

ลำดับที่ ประเภท เลขเรียก/บาร์โค้ด สถานที่ สถานะ
- ไม่พบข้อมูล -

รายการใกล้เคียง
    หัวเรื่อง [ภาษาอังกฤษ การใช้ภาษา]

BibComment


ยังไม่เคยถูกคอมเมนท์

คอมเมนท์ทรัพยากรรายการนี้
  คอมเมนท์: เทคนิคการจดจำ การ..


 Copyright 2026. Bcnsprnw @Library